| 000 | 00609nam a2200217Ia 4500 | ||
|---|---|---|---|
| 003 | OSt | ||
| 005 | 20220918201336.0 | ||
| 006 | a|||||r|||| 00| 0 | ||
| 007 | ta | ||
| 008 | 220917b |||||||| |||| 00| 0 eng d | ||
| 024 | _a93,216 | ||
| 037 | _cTextual | ||
| 040 |
_aARTS _cARTS _beng |
||
| 041 |
_2eng _aeng |
||
| 082 | _aV1:91.N7sg, K9.1 | ||
| 245 | 0 | _aInternational guide to electoral statistics. Ed by Stein Rokkan & Jean Meyriat | |
| 260 |
_aHogue _bMouton _c1969 |
||
| 650 |
_aELECTIONS; HISTORY _932578 |
||
| 942 |
_hV1:91.N7sg, K9.1 _cTEXL _2CC |
||
| 999 |
_c216863 _d216863 |
||